West Virginia Cities - Then and Now - Statistics

General Stats
  • This quiz has been taken 11 times
  • The average score is 7 of 17
Answer Stats
Loss City County 2020 Peak % Correct
43% Charleston Kanawha 48,860 85,800
78%
50% Clarksburg Harrison 16,040 32,015
78%
56% Wheeling Ohio 27,000 61,600
67%
48% Huntington Cabell 44,940 86,350
56%
34% Parkersburg Wood 29,750 44,800
56%
55% Bluefield Mercer 9,660 21,500
44%
32% Dunbar Kanawha 7,480 11,000
44%
37% Fairmont Marion 18,400 29,350
44%
46% Moundsville Marshall 8,120 15,160
44%
45% Welch McDowell 3,590 6,600
44%
30% Princeton Mercer 5,870 8,390
33%
68% Williamson Mingo 3,040 9,400
33%
72% Logan ------------ 1,440 5,160
22%
56% Weston Lewis 3,950 8,950
22%
44% Grafton Taylor 4,730 8,520
11%
66% Hinton Summers 2,260 6,650
11%
58% Mullens Wyoming 1,470 3,540
11%
No matching quizzes found
Score Distribution
Percent of People with Each Score
Percentile by Number Answered
Your Score History
You have not taken this quiz